<?xml version="1.0" encoding="UTF-8"?>
<record
    xmlns:xsi="http://www.w3.org/2001/XMLSchema-instance"
    xsi:schemaLocation="http://www.loc.gov/MARC21/slim http://www.loc.gov/standards/marcxml/schema/MARC21slim.xsd"
    xmlns="http://www.loc.gov/MARC21/slim">

  <leader>00821nam a22001577a 4500</leader>
  <controlfield tag="003">OSt</controlfield>
  <controlfield tag="005">20151202134635.0</controlfield>
  <controlfield tag="008">151202b        xxu||||| |||| 00| 0 eng d</controlfield>
  <datafield tag="040" ind1=" " ind2=" ">
    <subfield code="c">RUA</subfield>
  </datafield>
  <datafield tag="082" ind1=" " ind2=" ">
    <subfield code="a">FIS HEN 2002 B173 Or.1</subfield>
  </datafield>
  <datafield tag="100" ind1=" " ind2=" ">
    <subfield code="9">4132</subfield>
    <subfield code="a">HENG, CHHEANGKIM.</subfield>
  </datafield>
  <datafield tag="245" ind1=" " ind2=" ">
    <subfield code="a">The effect of feeding frequency of fresh trash fish the growth and survival rate of oxyeleotris marmorata culture in cement tank, &#x17A5;&#x1791;&#x17D2;&#x1792;&#x17B7;&#x1796;&#x179B;&#x1785;&#x17C6;&#x1793;&#x17BD;&#x1793;&#x178A;&#x1784;&#x1793;&#x17C3;&#x1780;&#x17B6;&#x179A;&#x1795;&#x17D2;&#x178A;&#x179B;&#x17CB;&#x1785;&#x17C6;&#x178E;&#x17B8;&#x178F;&#x17D2;&#x179A;&#x17B8;&#x179F;&#x17D2;&#x179A;&#x179F;&#x17CB;(&#x178F;&#x17D2;&#x179A;&#x17B8;&#x179B;&#x17C1;&#x1781;&#x1794;&#x17E3;)&#x1791;&#x17C5;&#x179B;&#x17BE;&#x1780;&#x17B6;&#x179A;&#x179B;&#x17BC;&#x178F;&#x179B;&#x17B6;&#x179F;&#x17CB; &#x1793;&#x17B7;&#x1784;&#x17A2;&#x178F;&#x17D2;&#x179A;&#x17B6;&#x179A;&#x179F;&#x17CB;&#x179A;&#x1794;&#x179F;&#x17CB;&#x178F;&#x17D2;&#x179A;&#x17B8;&#x178A;&#x17C6;&#x179A;&#x17B8;&#x1785;&#x17B7;&#x1789;&#x17D2;&#x1785;&#x17B9;&#x1798;&#x1780;&#x17D2;&#x1793;&#x17BB;&#x1784;&#x17A2;&#x17B6;&#x1784;&#x179F;&#x17CA;&#x17B8;&#x1798;&#x17C9;&#x1784;&#x17CB;&#x178F;&#x17B7;&#x17CD;</subfield>
  </datafield>
  <datafield tag="260" ind1=" " ind2=" ">
    <subfield code="a">Phnom Penh</subfield>
    <subfield code="b">RUA</subfield>
    <subfield code="c">2002</subfield>
  </datafield>
  <datafield tag="300" ind1=" " ind2=" ">
    <subfield code="a">54p.</subfield>
    <subfield code="b">ill.</subfield>
    <subfield code="c">29cm.</subfield>
  </datafield>
  <datafield tag="942" ind1=" " ind2=" ">
    <subfield code="2">ddc</subfield>
    <subfield code="c">FIS</subfield>
  </datafield>
  <datafield tag="999" ind1=" " ind2=" ">
    <subfield code="c">3845</subfield>
    <subfield code="d">3845</subfield>
  </datafield>
  <datafield tag="952" ind1=" " ind2=" ">
    <subfield code="0">0</subfield>
    <subfield code="1">0</subfield>
    <subfield code="2">ddc</subfield>
    <subfield code="4">0</subfield>
    <subfield code="6">FIS_HEN_2002_000000000000000_B173_OR_1</subfield>
    <subfield code="7">0</subfield>
    <subfield code="9">19391</subfield>
    <subfield code="a">LBB</subfield>
    <subfield code="b">LBB</subfield>
    <subfield code="c">B173</subfield>
    <subfield code="d">2015-12-02</subfield>
    <subfield code="l">1</subfield>
    <subfield code="o">FIS HEN 2002 B173 Or.1</subfield>
    <subfield code="p">RUA010372</subfield>
    <subfield code="r">2024-03-13</subfield>
    <subfield code="s">2024-03-01</subfield>
    <subfield code="w">2015-12-02</subfield>
    <subfield code="y">FIS</subfield>
  </datafield>
  <datafield tag="952" ind1=" " ind2=" ">
    <subfield code="0">0</subfield>
    <subfield code="1">0</subfield>
    <subfield code="2">ddc</subfield>
    <subfield code="4">0</subfield>
    <subfield code="6">FIS_HEN_2002_000000000000000_B173_OR_2</subfield>
    <subfield code="7">0</subfield>
    <subfield code="9">19392</subfield>
    <subfield code="a">LBB</subfield>
    <subfield code="b">LBB</subfield>
    <subfield code="c">B173</subfield>
    <subfield code="d">2015-12-02</subfield>
    <subfield code="o">FIS HEN 2002 B173 Or.2</subfield>
    <subfield code="p">RUA010011</subfield>
    <subfield code="r">2015-12-02</subfield>
    <subfield code="w">2015-12-02</subfield>
    <subfield code="y">FIS</subfield>
  </datafield>
  <datafield tag="952" ind1=" " ind2=" ">
    <subfield code="0">0</subfield>
    <subfield code="1">0</subfield>
    <subfield code="2">ddc</subfield>
    <subfield code="4">0</subfield>
    <subfield code="6">FIS_HEN_2002_000000000000000_B173_OR_3</subfield>
    <subfield code="7">0</subfield>
    <subfield code="9">19393</subfield>
    <subfield code="a">LBB</subfield>
    <subfield code="b">LBB</subfield>
    <subfield code="c">B173</subfield>
    <subfield code="d">2015-12-02</subfield>
    <subfield code="o">FIS HEN 2002 B173 Or.3</subfield>
    <subfield code="p">RUA010815</subfield>
    <subfield code="r">2015-12-02</subfield>
    <subfield code="w">2015-12-02</subfield>
    <subfield code="y">FIS</subfield>
  </datafield>
  <datafield tag="952" ind1=" " ind2=" ">
    <subfield code="0">0</subfield>
    <subfield code="1">0</subfield>
    <subfield code="2">ddc</subfield>
    <subfield code="4">0</subfield>
    <subfield code="6">FIS_HEN_2002_000000000000000_B173_OR_4</subfield>
    <subfield code="7">0</subfield>
    <subfield code="9">19394</subfield>
    <subfield code="a">LBB</subfield>
    <subfield code="b">LBB</subfield>
    <subfield code="c">B173</subfield>
    <subfield code="d">2015-12-02</subfield>
    <subfield code="o">FIS HEN 2002 B173 Or.4</subfield>
    <subfield code="p">RUA028107</subfield>
    <subfield code="r">2015-12-02</subfield>
    <subfield code="w">2015-12-02</subfield>
    <subfield code="y">FIS</subfield>
  </datafield>
  <datafield tag="952" ind1=" " ind2=" ">
    <subfield code="0">0</subfield>
    <subfield code="1">0</subfield>
    <subfield code="2">ddc</subfield>
    <subfield code="4">0</subfield>
    <subfield code="6">FIS_HEN_2002_000000000000000_B173_OR_5</subfield>
    <subfield code="7">0</subfield>
    <subfield code="9">19395</subfield>
    <subfield code="a">LBB</subfield>
    <subfield code="b">LBB</subfield>
    <subfield code="c">B173</subfield>
    <subfield code="d">2015-12-02</subfield>
    <subfield code="o">FIS HEN 2002 B173 Or.5</subfield>
    <subfield code="p">RUA028163</subfield>
    <subfield code="r">2015-12-02</subfield>
    <subfield code="w">2015-12-02</subfield>
    <subfield code="y">FIS</subfield>
  </datafield>
  <datafield tag="952" ind1=" " ind2=" ">
    <subfield code="0">0</subfield>
    <subfield code="1">0</subfield>
    <subfield code="2">ddc</subfield>
    <subfield code="4">0</subfield>
    <subfield code="6">FIS_HEN_2002_000000000000000_B173_OR_6</subfield>
    <subfield code="7">0</subfield>
    <subfield code="9">19396</subfield>
    <subfield code="a">LBB</subfield>
    <subfield code="b">LBB</subfield>
    <subfield code="c">B173</subfield>
    <subfield code="d">2015-12-02</subfield>
    <subfield code="o">FIS HEN 2002 B173 Or.6</subfield>
    <subfield code="p">RUA028441</subfield>
    <subfield code="r">2015-12-02</subfield>
    <subfield code="w">2015-12-02</subfield>
    <subfield code="y">FIS</subfield>
  </datafield>
</record>
